Vista normal
Vista MARC
Entrada Nombre personal
Número de registros utilizados en: 2
001 - NÚMERO DE CONTROL
- campo de control: 80412
003 - IDENTIFICADOR DEL NÚMERO DE CONTROL
- campo de control: DO-SdBNP
005 - FECHA Y HORA DE LA ÚLTIMA TRANSACCIÓN
- campo de control: 20211029143826.0
008 - DATOS DE LONGITUD FIJA
- campo de control de longitud fija: 211029|| aca||aabn | a|a d
040 ## - FUENTE DE LA CATALOGACIÓN
- Centro catalogador/agencia de origen: DO-SdBNP
- Lengua de catalogación: spa
- Centro/agencia transcriptor: DO-SdBNP
100 1# - ENCABEZAMIENTO-NOMBRE DE PERSONA
- Nombre de persona: Méndez, José Abrahán
- Fechas asociadas al nombre: 1965-
370 ## - LUGAR ASOCIADO
- Lugar de nacimiento: Duarte (República Dominicana)
374 ## - OCUPACIÓN
- Ocupación: Abogado
- Ocupación: Escritor
375 ## - GÉNERO/SEXO
- Género/Sexo: Masculino
377 ## - LENGUA/LENGUAJE ASOCIADO
- Código del idioma: spa
400 1# - TRAZADO DE VÉASE--NOMBRE DE PERSONA
- Nombre de persona: Abrahán Méndez, josé
670 ## - FUENTE DE DATOS ENCONTRADOS
- Cita de la fuente: Méndez, José Abrahán. Espinas de amor, 2018
